Houslaři
| Main Author: | |
|---|---|
| Format: | Book |
| Language: | Undetermined |
| PhysicalDescription: | 655 s. |
| Published: |
Praha
Orbis
1948
|
MARC
| LEADER | 00000nam a2200000 a 4500 | ||
|---|---|---|---|
| 001 | vtls001330181 | ||
| 003 | SK-MaSNL | ||
| 005 | 20260301114329.0 | ||
| 008 | 240313s1948 xx 0 und | ||
| 035 | |a SNK000283042 | ||
| 040 | |a SNK |b slo |c SNK |e AACR2 | ||
| 100 | 1 | |a Jalovec, Karel, |d n. 1892 |4 aut |9 134563 | |
| 245 | 1 | |a Houslaři | |
| 260 | |a Praha |b Orbis |c 1948 | ||
| 300 | |a 655 s. | ||
| 999 | |c 718005 |d 719935 | ||
| 952 | |t P60, <04>, [BOOK], {604} |a SNK |b SNK |y NEVYP |7 0 |p 17A0137915 |o snkIB 13696 |z strata |0 0 |1 1 |4 0 |d 1998-05-05 |l 0 |r 2005-01-02 00:00:00 |w 2026-02-23 | ||


